| 000 | 00498 a2200169 4500 | ||
|---|---|---|---|
| 003 | Nust | ||
| 005 | 20170207154117.0 | ||
| 040 | _cNust | ||
| 082 | _a621.38132 | ||
| 100 | _aT. K. Hemingway | ||
| 245 |
_aCircuit Consultants casebook _cT. K. Hemingway |
||
| 260 |
_aLondon _bTAB BOOK _c1970 |
||
| 300 | _axiii: 210 p | ||
| 505 | _aPart One: Avoiding Design Faults (Page-3), Part Two: Meeting a Specification (Page-101), | ||
| 538 | _aAlmirah No.34 Shelf No.1 | ||
| 650 | _aTelecommunication engineering | ||
| 942 |
_2ddc _cBK |
||
| 999 |
_c194125 _d194125 |
||